Licht und Farbe in der mittelalterlichen Backsteinarchitektur des südlichen Ostseeraums
| Titel: | Licht und Farbe in der mittelalterlichen Backsteinarchitektur des südlichen Ostseeraums / Ernst Badstübner... (Hg.) |
|---|---|
| Beteiligt: | |
| Ausgabe: | Erstausgabe, 1. Auflage |
| Veröffentlicht: | Berlin : Lukas-Verlag, 2005 |
| Umfang: | 547 Seiten : Illustrationen, Diagramme |
| Format: | Buch |
| Sprache: | Deutsch |
| Schriftenreihe/ mehrbändiges Werk: |
Kunsthistorische Arbeiten der Kulturstiftung der Deutschen Vertriebenen ; 4 Studien zur Backsteinarchitektur ; 7 |
| RVK-Notation: |
·
·
·
·
|
| ISBN: | 3936872112 ; 9783936872118 |
| Hinweise zum Inhalt: |
Rezension
Inhaltsverzeichnis |
alg: 12759649 001A $00030:24-03-05 001B $01999:10-03-25 $t08:33:10.000 001D $00077:13-09-05 001U $0utf8 001X $00 002@ $0Aau 002C $aText $btxt $2rdacontent 002D $aohne Hilfsmittel zu benutzen $bn $2rdamedia 002E $aBand $bnc $2rdacarrier 003@ $0127596496 003O $060333092 $aOCoLC 004A $03-936872-11-2 $A978-3-936872-11-8 006G $0974472522 006U $005,A21,1382 $f20050421 007A $0127596496 $aHEB 007G $0DE020260C6143101EC403C1258059003BEAFA 007T $0Herd72465 009P $qapplication/pdf $A2 $3Rezension $uhttp://scans.hebis.de/HEBCGI/show.pl?12759649_rez.pdf $mV:DE-576 009P $qapplication/pdf $A2 $3Inhaltsverzeichnis $uhttp://scans.hebis.de/HEBCGI/show.pl?12759649_toc.pdf $mV:DE-603;B:DE-Mb50 010@ $ager 011@ $a2005 013D $#Beiträge Formschlagwort $#Einzelbeiträge $#Sammelwerk Formschlagwort $74143413-4 $8Aufsatzsammlung [Ts1] $9085562742 021A $aLicht und Farbe in der mittelalterlichen Backsteinarchitektur des südlichen Ostseeraums $hErnst Badstübner... (Hg.) 028C $BHerausgeber $#Badštjubner, Ėrnst $4edt $7120129647 $8Badstübner, Ernst$Z1931- [Tp1] $9087912422 032@ $aErstausgabe, 1. Auflage 033A $pBerlin $nLukas-Verlag 034D $a547 Seiten 034M $aIllustrationen, Diagramme 036E $aKunsthistorische Arbeiten der Kulturstiftung der Deutschen Vertriebenen $l4 036E/01 $aStudien zur Backsteinarchitektur $l7 036F $x14 $8Kunsthistorische Arbeiten der Kulturstiftung der Deutschen Vertriebenen $9186314728 $l4 036F/01 $x17 $8Studien zur Backsteinarchitektur $9054239281 $l7 039U $aRezensiert in $8--Aox--Cramer, Johannes. Licht und Farbe in der mittelalterlichen Backsteinarchitektur des südlichen Ostseeraums. - Berlin : Lukas-Verl.. - 2005 [Rezension], 2005 $9394777123 039U $aRezensiert in $8--Aox--Bock, Sabine. Licht und Farbe in der mittelalterlichen Backsteinarchitektur des südlichen Ostseeraums. - Berlin : Lukas-Verl.. - 2005 [Rezension], 2005 [2006] $9394889533 039U $aRezensiert in $8--Oox--Helten, Leonhard. Licht und Farbe in der mittelalterlichen Backsteinarchitektur des südlichen Ostseeraums. - Berlin : Lukas-Verl.. - 2005 [Rezension], 2006 $9394906551 044K $qDNB $ROstseeraum $#Südlicher Ostseeraum $74301273-5 $8Ostseeraum$zSüd [Tg1] $9086645218 044K $qDNB $#Building, Brick $#Construction en brique $#Constructions en brique $#Costruzioni in laterizio $#Estructuras de fábrica $#Backsteinarchitektur $#Ziegelbau $#Ziegelsteinbau $#Ziegelarchitektur $#Klinkerbau $74143859-0 $8Backsteinbau [Ts1] $9085566268 044K $qDNB $ROptische Strahlung $#Light $#Lumière $#Luce $#Luz $#light $#Licht $#Sichtbares Licht $74035596-2 $8Licht [Ts1] $9085096059 044K $qDNB $#Farbgebung $#Farbwahl $#Farbenwahl $74153709-9 $8Farbgestaltung [Ts1] $908564630X 044K $ROstsee $#Ostseeraum $#Ostseeraum $#Ostseegebiet $#Ostseeländer $#Ostseestaaten $#Ostseeregion $74137210-4 $8Ostseeraum [Tg1] $9085513296 044K $RKolorit $#Color $#Colors $#Couleur $#Couleurs $#Colori $#colour $#Farben $74016443-3 $8Farbe [Ts1] $9085038547 045E $c720 045F $a709.4317 $eDDC23BSB 045F/01 $a709 045F/03 $g4317 045F/03 $g438 045F/03 $g4315 045F/03 $g4307 045R $aGeschichte 500-1500 045Z $8LH 67400 [Tkv] $9409895660 045Z $8LH 67445 [Tkv] $9409895717 045Z $8LK 79400 [Tkv] $9409954276 045Z $8LK 80823 [Tkv] $9409958352 045Z $8ZH 3170 [Tkv] $9415087279 lok: 12759649 3 101B $012-04-05 $t12:17:28.000 101C $012-04-05 145S/01 $a028 101U $0utf8 exp: 12759649 3 1 #EPN 201B/01 $003-09-22 $t10:02:31.000 201C/01 $024-03-05 201U/01 $0utf8 203@/01 $0235273287 208@/01 $a24-03-05 $bzCt 209A/01 $a03/LH 67400 B138 E3 $db $f050 $h03 LH 67400 B138 E3 $x00 209C/01 $aK 05/517 $hK 05 517 209G/01 $a3002853830 $x00 247C/01 $8601050-7 <30/50>Frankfurt, Universitätsbibliothek J. C. Senckenberg, Bibliothek Sprach- und Kulturwissenschaften (BSKW) $9486206378 lok: 12759649 11 exp: 12759649 11 1 #EPN 201B/01 $021-02-13 $t04:11:35.000 201C/01 $005-07-05 201U/01 $0utf8 203@/01 $0266366244 208@/01 $a04-08-05 $bz 209A/01 $a60 05 A 3285 $du $f100 $x00 209B/01 $a56 $x05 209C/01 $aG-05-782 209G/01 $a00698954 $x00 247C/01 $8620100-3 <43>Wiesbaden, Hochschul- und Landesbibliothek RheinMain, Rheinstraße $9102599572 lok: 12759649 24 101B $003-05-05 $t13:49:44.000 101C $003-05-05 145Z/01 $a12 9 D 145Z/02 $a9 9 D 145Z/03 $a13 9 D 145Z/04 $a4 9 D 145Z/05 $a33 9 D 145Z/06 $a33 8 T 1 145Z/07 $a14 8 B 748 101U $0utf8 exp: 12759649 24 1 #EPN 201B/01 $003-05-05 $t13:49:44.000 201C/01 $002-05-05 203@/01 $0246506156 208@/01 $a03-05-05 $bz 209A/01 $a05.1337 $du $f050 $h05 1337 $x00 209C/01 $a05.1337 G $h05 1337 G 209G/01 $a70907763 $x00 220C/01 $ahae/war 247C/01 $8358050-7Marburg, Bibliothek des Herder-Instituts Marburg $9102600961 201U/01 $0utf8 lok: 12759649 25 exp: 12759649 25 1 #EPN 201B/01 $013-09-05 $t08:49:06.000 201C/01 $025-08-05 203@/01 $028905754X 208@/01 $a13-09-05 $bz 209A/01 $a231.411 $du $f000 $x00 209C/01 $a05/3604-4 209G/01 $a38248578 $x00 209G/01 $aFREIHAND $x01 247C/01 $8651000-0 <77>Mainz, Universität Mainz, Zentralbibliothek $9102599602 201U/01 $0utf8 exp: 12759649 25 2 #EPN 201B/02 $019-12-18 $t11:57:21.000 201C/02 $031-01-08 201U/02 $0utf8 203@/02 $0524130728 208@/02 $a31-01-08 $bzki 209A/02 $aDD 4a.5/47 $dd $f079 $x00 209C/02 $a08.0022 209G/02 $a14677530 $x00 209G/02 $aKunstgeschichte $x01 247C/02 $8651079-6 <77/079>Mainz, Universität Mainz / Bereichsbibliothek Georg Forster-Gebäude / Kunstgeschichte $9102600287 lok: 12759649 78 exp: 12759649 78 1 #EPN 201B/01 $019-04-17 $t14:34:00.000 201U/01 $0utf8 203@/01 $0791724883 208@/01 $a12-11-16 $be 209A/01 $a/ $f000 $x00 220C/01 $aTitelaufnehmer: cs;gk 237A/01 $aweiterführende Signatur(en): HI 05.1337 [050] 244Z/01 $2Trx $#Prusy Wschodnie i Zachodnie $8--Trx--Ost- und Westpreußen $x01 $939113373X 244Z/01 $2Trx $#Pomeranija $#Pommern $#Pomoransko $#Pomořansko $#Hinterpommern;Vorpommern;Mittelpommern $#Pomorze Środkowe;Pomorze Przednie $#Pomořansko;Západní Pomořany; Pomořany $8--Trx--Pomorze Zachodnie $x02 $9391303775 244Z/01 $2Trx $#Baltijos regionas $#Strefa bałtycka $#Region Bałtyku $8--Trx--Ostseeraum $x03 $9391309870 244Z/01 $2Trx $#arhitektuur tellis $#architektūra, plytų gotika $#brick architecture $#építészet téglakö $#architektura, gotyk ceglany $#architektúra tehla $#architektura cihla $#Kirchenbau $#Backsteingotik $#stavba kostolov $#gotika tehla $8--Trx--Architektur$gBackstein $x04 $9391377086 244Z/01 $2Trx $#arhitektuur, keskaegne $#viduramžių architektūra $#Architecture, Middle Ages $#építészet, középkori $#architektura średniowieczna $#architektúra stredoveká $#architektura středověká $8--Trx--Architektur, mittelalterliche $x05 $939136104X 244Z/01 $2Trx $#dzieło zbiorowe $8--Trx--Sammelwerk $x06 $9391384597 245Z/01 $a01.03 $x01 247C/01 $82080>Marburg/Lahn, Herder-Institut, Forschungsbibliothek, Bibliographieportal $9336309341 lok: 12759649 205 exp: 12759649 205 1 #EPN 201B/01 $003-03-11 $t07:29:55.000 201C/01 $028-01-11 201U/01 $0utf8 203@/01 $0605273650 208@/01 $a03-03-11 $bz 209A/01 $a070 8 2011/01147 $du $f000 $x00 209C/01 $anel1103t 209C/01 $a1 2011 /02562 209G/01 $a51804260 $x00 247C/01 $8351000-1 <4>Marburg, Universität Marburg, Universitätsbibliothek $9102594767 exp: 12759649 205 2 #EPN 201B/02 $028-04-20 $t14:13:36.000 201C/02 $021-05-08 201U/02 $0utf8 203@/02 $0544116720 208@/02 $a21-05-08 $bz 209A/02 $aE V 64/3 p $db $f038 $x00 209B/02 $a80 $x05 209C/02 $a2008/0683 209G/02 $a67220641 $x00 245Z/02 $aHans-Jochen-Kunst-Stiftung $x01 247C/02 $8351038-4 <4/038>Marburg, Universität Marburg, Bibliothek Kunst und Kulturwissenschaften, Kunstgeschichte $9102594775
| LEADER | 00000cam a2200000 c 4500 | ||
|---|---|---|---|
| 001 | 127596496 | ||
| 003 | DE-603 | ||
| 005 | 20250310083310.0 | ||
| 007 | tu | ||
| 008 | 050324s2005 xx |||| | u00||u|ger | ||
| 015 | |a 05,A21,1382 |2 dnb | ||
| 016 | 7 | |2 DE-101 |a 974472522 | |
| 020 | |a 3936872112 | ||
| 020 | |a 9783936872118 | ||
| 035 | |a (DE-599)HEB127596496 | ||
| 035 | |a (OCoLC)60333092 | ||
| 040 | |a DE-603 |b ger |c DE-603 |d DE-603 | ||
| 041 | |a ger | ||
| 082 | 0 | 4 | |8 1\u |a 709.4317 |q DE-101 |2 23/BSB |
| 084 | |a 720 |q DE-101 |2 sdnb | ||
| 084 | |a LH 67400 |0 (DE-625)94610: |0 (DE-603)409895660 |2 rvk | ||
| 084 | |a LH 67445 |0 (DE-625)94615: |0 (DE-603)409895717 |2 rvk | ||
| 084 | |a LK 79400 |0 (DE-625)98260: |0 (DE-603)409954276 |2 rvk | ||
| 084 | |a LK 80823 |0 (DE-625)98360:5 |0 (DE-603)409958352 |2 rvk | ||
| 084 | |a ZH 3170 |0 (DE-625)156113: |0 (DE-603)415087279 |2 rvk | ||
| 085 | |8 1\u |b 709 | ||
| 085 | |8 1\u |z 2 |s 4317 | ||
| 085 | |8 1\u |z 2 |s 438 | ||
| 085 | |8 1\u |z 2 |s 4315 | ||
| 085 | |8 1\u |z 2 |s 4307 | ||
| 245 | 0 | 0 | |a Licht und Farbe in der mittelalterlichen Backsteinarchitektur des südlichen Ostseeraums |c Ernst Badstübner... (Hg.) |
| 250 | |a Erstausgabe, 1. Auflage | ||
| 264 | 1 | |a Berlin |b Lukas-Verlag |c 2005 | |
| 300 | |a 547 Seiten |b Illustrationen, Diagramme | ||
| 336 | |a Text |b txt |2 rdacontent | ||
| 337 | |a ohne Hilfsmittel zu benutzen |b n |2 rdamedia | ||
| 338 | |a Band |b nc |2 rdacarrier | ||
| 490 | 1 | |a Kunsthistorische Arbeiten der Kulturstiftung der Deutschen Vertriebenen |v 4 | |
| 490 | 1 | |a Studien zur Backsteinarchitektur |v 7 | |
| 648 | 7 | |a Geschichte 500-1500 |2 gnd | |
| 650 | 7 | |a Backsteinbau |0 (DE-588)4143859-0 |0 (DE-603)085566268 |2 gnd | |
| 650 | 7 | |a Licht |0 (DE-588)4035596-2 |0 (DE-603)085096059 |2 gnd | |
| 650 | 7 | |a Farbgestaltung |0 (DE-588)4153709-9 |0 (DE-603)08564630X |2 gnd | |
| 650 | 7 | |a Farbe |0 (DE-588)4016443-3 |0 (DE-603)085038547 |2 gnd | |
| 651 | 7 | |a Ostseeraum |0 (DE-588)4301273-5 |0 (DE-603)086645218 |2 gnd | |
| 651 | 7 | |a Ostseeraum |0 (DE-588)4137210-4 |0 (DE-603)085513296 |2 gnd | |
| 655 | 7 | |a Aufsatzsammlung |2 gnd-content |0 (DE-588)4143413-4 |0 (DE-603)085562742 | |
| 700 | 1 | |a Badstübner, Ernst |d 1931- |e Herausgeber |4 edt |0 (DE-603)087912422 |0 (DE-588)120129647 |2 gnd | |
| 787 | 0 | 8 | |i Rezensiert in |a Cramer, Johannes |t Licht und Farbe in der mittelalterlichen Backsteinarchitektur des südlichen Ostseeraums. - Berlin : Lukas-Verl.. - 2005 [Rezension] |w (DE-603)394777123 |
| 787 | 0 | 8 | |i Rezensiert in |a Bock, Sabine |t Licht und Farbe in der mittelalterlichen Backsteinarchitektur des südlichen Ostseeraums. - Berlin : Lukas-Verl.. - 2005 [Rezension] |w (DE-603)394889533 |
| 787 | 0 | 8 | |i Rezensiert in |a Helten, Leonhard |t Licht und Farbe in der mittelalterlichen Backsteinarchitektur des südlichen Ostseeraums. - Berlin : Lukas-Verl.. - 2005 [Rezension] |w (DE-603)394906551 |
| 810 | 2 | 2 | |a Kulturstiftung der Deutschen Vertriebenen |t Kunsthistorische Arbeiten der Kulturstiftung der Deutschen Vertriebenen |v 4 |w (DE-603)186314728 |w (DE-600)2188493-6 |9 14 |7 as |
| 830 | 0 | |t Studien zur Backsteinarchitektur |v 7 |w (DE-603)054239281 |w (DE-600)2128087-3 |9 17 |7 as | |
| 856 | 4 | 2 | |m V:DE-576 |q application/pdf |u http://scans.hebis.de/HEBCGI/show.pl?12759649_rez.pdf |3 Rezension |
| 856 | 4 | 2 | |m V:DE-603;B:DE-Mb50 |q application/pdf |u http://scans.hebis.de/HEBCGI/show.pl?12759649_toc.pdf |3 Inhaltsverzeichnis |
| 924 | 0 | |9 30/50 |a (DE-603)235273287 |b DE-30-50 |c HES |d d |g 03/LH 67400 B138 E3 | |
| 924 | 0 | |9 43 |a (DE-603)266366244 |b DE-43 |c HES |d c |g 60 05 A 3285 | |
| 924 | 0 | |9 Mb 50 |a (DE-603)246506156 |b DE-Mb50 |c HES |d c |g 05.1337 | |
| 924 | 0 | |9 77 |a (DE-603)28905754X |b DE-77 |c HES |d c |g 231.411 |h FREIHAND | |
| 924 | 0 | |9 77/079 |a (DE-603)524130728 |b DE-77-079 |c HES |d d |g DD 4a.5/47 | |
| 924 | 0 | |9 2080 |a (DE-603)791724883 |b DE-2080 |c HES |d d |g / | |
| 924 | 0 | |9 4 |a (DE-603)605273650 |b DE-4 |c HES |d c |g 070 8 2011/01147 | |
| 924 | 0 | |9 4/038 |a (DE-603)544116720 |b DE-4-038 |c HES |d d |g E V 64/3 p | |


